00416 2200169 4500001002100000008004100021035002000062245004900082100001800131250000600149260003100155300001200186084001400198082000800212650001400220990001200234INLIS000000000001278 ind  a0010-0524000513 aSemua Bisa Jadi PengusahacUst. Yusuf Mansur aMansur, Yusuf a1 aJakarta :bYM. Booksc2012 a336 hlm a000 YUS s a000 aNon Fiksi a0744150